| 000 | 00506nam a2200181 4500 | ||
|---|---|---|---|
| 005 | 20250402151432.0 | ||
| 010 | _aENG-144437 | ||
| 020 |
_a9789357315982 _c599.00 |
||
| 035 | _aEN-127969 | ||
| 037 | _bDBAD | ||
| 082 | _aN | ||
| 100 |
_aDivya, S.B. _980122 |
||
| 245 |
_aLoka/ _cS.B. Divya |
||
| 260 |
_aGurugram _bHachette Books Publishing _c2024 |
||
| 270 |
_a4th and 5th Floor, Corporate Centre, Plot No.-94, Sector 44, _bGurugram _e122003 |
||
| 300 |
_a366p. _c22cm(pb) |
||
| 942 |
_2ddc _cEN _hN _mDIV |
||
| 999 |
_c210666 _d210666 |
||